| 000 | 02063cam a22002054a 4500 | ||
|---|---|---|---|
| 005 | 20250605164051.0 | ||
| 008 | 250528s ||||||||||||||||||||||||d | ||
| 035 | _a17287 | ||
| 020 | _a9608249236 | ||
| 040 |
_aGR-AtMCL _bgre _dGR-AtMCL _eAACR2 |
||
| 245 | 1 | _aMάνατζμεντ / Θεωρητικο Υποβαθρο - Συχρονες Πρακτικες | |
| 250 | _a1η | ||
| 260 |
_bΓ. Μπένου, _c2002 |
||
| 300 | _a616 | ||
| 520 | _aΠρόλογος, Εισαγωγή στο Mάνατζμεντ, Εισαγωγικές Έννοιες της Οργάνωσης - Επιχείρησης, Εισαγωγή στο Mάνατζμεντ, Προγραμματισμός και Λήψη Αποφάσεων, Οργανωτική Θεωρία και Σχεδιασμός, Βασικά Στοιχεία Οργανωτικής Θεωρίας, Βασικά Θέματα Οργανωτικού Σχεδιασμού, Οργανωσιακή Συμπεριφορά, Εισαγωγικά Στοιχεία Οργανωσιακής Συμπεριφοράς, Ηγεσία, Δυναμική Ομάδων, Επικοινωνία, Νέες Προκλήσεις και Σύγχρονες Προσεγγίσεις του Mάνατζμεντ, Από την Προσαρμογή στη Δημιουργία του Περιβάλλοντος, Σύγχρονες Τάσεις στη Διοίκηση των Επιχειρήσεων, Μαθησιακή Οργάνωση, Διοίκηση Γνώσης, Ενδυνάμωση (Empowerment), Συναισθηματική Νοημοσύνη, Διοίκηση Ολικής Ποιότητας, Ανασχεδιασμός Επιχειρησιακών Διεργασιών (Business Process Reengineering), Συγκριτική Αξιολόγηση (Benchmarking), Ισορροπημένη Κάρτα (Balanced Scorecard), Οργανωσιακή Κουλτούρα, Διοίκηση Αλλαγών, Βιβλιογραφία. | ||
| 700 | 1 |
_aΜπουραντάς Δημήτρης _91036 |
|
| 942 | _cBK | ||
| 999 |
_c2715 _d2715 |
||